Апертурные искажения теневых радиационных изображений в радиометрических системах контроля.; Ч. II; Двумерная коррекция; Известия Томского политехнического университета [Известия ТПУ]; Т. 317, № 4: Энергетика

Xehetasun bibliografikoak
Parent link:Известия Томского политехнического университета [Известия ТПУ]/ Томский политехнический университет (ТПУ).— , 2000-
Т. 317, № 4: Энергетика.— 2010.— [С. 70-73]
Beste egile batzuk: Солодушкин В. И. Владимир Иванович, Клименов В. А. Василий Александрович, Удод В. А. Виктор Анатольевич, Темник А. К. Анатолий Константинович
Gaia:Заглавие с титульного листа
Электронная версия печатной публикации
Предложен достаточно простой и технически легко реализуемый алгоритм двумерной коррекции апертурных искажений теневых радиационных изображений, основанный на инверсии искажений в пространственной области. Приведены конкретные примеры восстановления теневого радиационного изображения в соответствии с данным алгоритмом.
Hizkuntza:errusiera
Argitaratua: 2010
Saila:Энергетика
Gaiak:
Sarrera elektronikoa:http://www.lib.tpu.ru/fulltext/v/Bulletin_TPU/2010/v317/i4/15.pdf
Formatua: Baliabide elektronikoa Liburu kapitulua
KOHA link:https://koha.lib.tpu.ru/cgi-bin/koha/opac-detail.pl?biblionumber=192868

MARC

LEADER 00000nla2a2200000 4500
001 192868
005 20240212144410.0
035 |a (RuTPU)RU\TPU\book\210298 
035 |a RU\TPU\book\210296 
090 |a 192868 
100 |a 20110310d2010 k y0rusy50 ca 
101 0 |a rus 
102 |a RU 
135 |a drnn ---uucaa 
181 0 |a i  
182 0 |a b 
200 1 |a Апертурные искажения теневых радиационных изображений в радиометрических системах контроля.  |h Ч. II  |i Двумерная коррекция  |f В. И. Солодушкин [и др.] 
203 |a Текст  |c электронный 
215 |a 1 файл (118 Кб) 
225 1 |a Энергетика 
300 |a Заглавие с титульного листа 
300 |a Электронная версия печатной публикации 
320 |a [Библиогр.: с. 73 (8 назв.)] 
330 |a Предложен достаточно простой и технически легко реализуемый алгоритм двумерной коррекции апертурных искажений теневых радиационных изображений, основанный на инверсии искажений в пространственной области. Приведены конкретные примеры восстановления теневого радиационного изображения в соответствии с данным алгоритмом. 
337 |a Adobe Reader 
461 1 |0 (RuTPU)RU\TPU\book\176237  |t Известия Томского политехнического университета [Известия ТПУ]  |f Томский политехнический университет (ТПУ)  |d 2000- 
463 1 |0 (RuTPU)RU\TPU\book\210108  |t Т. 317, № 4: Энергетика  |v [С. 70-73]  |d 2010  |p 196 с. 
610 1 |a апертура 
610 1 |a искажения 
610 1 |a коррекция 
610 1 |a алгоритмы 
610 1 |a радиометрические системы 
610 1 |a неразрушающий контроль 
610 1 |a теневые изображения 
610 1 |a радиационные изображения 
610 1 |a труды учёных ТПУ 
610 1 |a электронный ресурс 
701 1 |a Солодушкин  |b В. И.  |c российский ученый, специалист в области неразрушающего контроля  |c научный сотрудник Томского политехнического университета  |f 1957-  |g Владимир Иванович  |3 (RuTPU)RU\TPU\pers\27992 
701 1 |a Клименов  |b В. А.  |c специалист в области неразрушающего контроля  |c профессор Томского политехнического университета, доктор технических наук  |c проректор-директор Института неразрушающего контроля Томского политехнического университета  |f 1951-  |g Василий Александрович  |3 (RuTPU)RU\TPU\pers\27985  |9 12975 
701 1 |a Удод  |b В. А.  |c российский ученый, специалист в области математического моделирования  |c ведущий научный сотрудник Томского политехнического университета, доктор технических наук  |f 1959-  |g Виктор Анатольевич  |3 (RuTPU)RU\TPU\pers\27997 
701 1 |a Темник  |b А. К.  |c специалист в области неразрушающего контроля  |c старший научный сотрудник Томского политехнического университета  |f 1939-  |g Анатолий Константинович  |3 (RuTPU)RU\TPU\pers\27996  |9 12985 
801 1 |a RU  |b 63413507  |c 20090623  |g PSBO 
801 2 |a RU  |b 63413507  |c 20211223  |g PSBO 
856 4 |u http://www.lib.tpu.ru/fulltext/v/Bulletin_TPU/2010/v317/i4/15.pdf 
942 |c CF